Trang phục phụ nữ của người Dao Coóc Mùn /

Đã lưu trong:
Sonraí Bibleagrafaíochta
Príomhúdar: Bàn Minh Đoàn.
Formáid: Bài viết
Teanga:Vietnamese
Ábhair:
Clibeanna: Cuir Clib Leis
Gan Chlibeanna, Bí ar an gcéad duine leis an taifead seo a chlibeáil!
Thư viện lưu trữ: Thư viện Trường Đại học Đà Lạt
LEADER 00750nam a2200265 4500
001 DLU160177280
005 ##20161021
040 # # |a DLU  |b vie 
041 # # |a vie 
044 # # |a vn 
100 # # |a Bàn Minh Đoàn. 
245 # # |a Trang phục phụ nữ của người Dao Coóc Mùn /  |c Bàn Minh Đoàn. 
653 # # |a Dân tộc Dao 
653 # # |a Phụ nữ 
653 # # |a Trang phục 
773 # # |t Tạp chí Văn hóa các dân tộc  |g Số11(261), 2015, tr. 6-8 
920 # # |a Phòng Tạp chí -- Trung tâm Thông tin - Thư viện Trường Đại học Đà Lạt 
994 # # |a DLU 
900 # # |a True 
911 # # |a Nguyễn Thị Mai Anh 
925 # # |a G 
926 # # |a A 
927 # # |a BB 
980 # # |a Thư viện Trường Đại học Đà Lạt